ბათუმის შოთა რუსთაველის სახელმწიფო უნივერსიტეტის ბიბლიოთეკა

ბუღალტრული აღრიცხვა : (ბიბ.ჩანაწერი № 49621)

000 -ლიდერი
ფიქსირებული სიგრძის საკონტროლო ველი 01425nam a2200277Ia 4500
001 - საკონტროლო ნომერი
საკონტროლო ველი 16553
003 - საკონტროლო ნომრის იდენტიფიკატორი
საკონტროლო ველი GE_BSU
005 - ბოლო ოპერაციის თარიღი და დრო
საკონტროლო ველი 20241227122119.0
008 - ფიქსირებული სიგრძის მონაცემთა ელემენტები - ზოგადი ინფორმაცია
ფიქსირებული სიგრძის საკონტროლო ველი 181216s2014||||ge |||||||||||||| ||geo||
040 ## - კატალოგიზაციის წყარო
Transcribing agency GE_BSU
041 ## - ენის კოდი
Language code of text/sound track or separate title geo
080 ## - უნივერსალური ათობითი კლასიფიკაციის ინდექსი
Universal Decimal Classification number 657(075.8) ბ-97
245 ## - ცნობა სათაურის შესახებ
Title ბუღალტრული აღრიცხვა :
Remainder of title ბუღალტრული აღრიცხვის საფუძვლები, ფინანსური აღრიცხვა /
Statement of responsibility, etc ა. ხორავა, ნ. კვაშიტაძე, ნ. სრესელი, ზ. გოგრიჭიანი ; რედ. რევაზ ძაძამია.
264 ## - წარმოების, გამოცემის, დისტრიბუციის და სხვა ცნობები
გამოცემის, წარმოების, დისტრიბუციის... ადგილი თბილისი :
გამოცემის, წარმოების, დისტრიბუციის... სახელწოდება მერიდიანი,
გამოცემის, წარმოების, დისტრიბუციის... თარიღი 2014.
300 ## - ფიზიკური აღწერა
Extent 600 გვ. ;
Dimensions 29 სმ.
500 ## - ზოგადი შენიშვნა
General note დანართი : გვ. 588-599
653 ## - INDEX TERM--UNCONTROLLED
Uncontrolled term ბუღალტრული აღრიცხვა
653 ## - INDEX TERM--UNCONTROLLED
Uncontrolled term ბუღალტრული აღრიცხვის საფუძვლები
653 ## - INDEX TERM--UNCONTROLLED
Uncontrolled term ფინანსური აღრიცხვა
700 ## - ADDED ENTRY--PERSONAL NAME
Personal name ხორავა, ა.
Relator term ავტორი
9 (RLIN) 14157
700 ## - ADDED ENTRY--PERSONAL NAME
Personal name კვატაშიძე, ნ.
Relator term ავტორი
9 (RLIN) 14156
700 ## - ADDED ENTRY--PERSONAL NAME
Personal name სრესელი, ნ.
Relator term ავტორი
9 (RLIN) 20462
700 ## - ADDED ENTRY--PERSONAL NAME
Personal name ძაძამია, რევაზ
Relator term რედაქტორი
9 (RLIN) 885
942 ## - ADDED ENTRY ELEMENTS (KOHA)
Koha item type წიგნი
Source of classification or shelving scheme
ეგზემპლარები
ჩამოწერის სტატუსი დაკარგული ეგზემპლარის სტატუსი კლასიფიკაციის წყარო ან თაროზე გაწყობის სქემა დაზიანების სტატუსი არ გაიცემა მუდმივი მდებარეობა (დაცვის ადგილი) ამჟამინდელი ადგილსამყოფელი თაროზე განთავსების ადგილი შეძენის თარიღი ღირებულება, შესყიდვის ნორმალური ფასი სრული შენახვის შიფრი შტრიხკოდი ბოლო ოპერაციის თარიღი ეგზემპლარის მიმდევრობითი ნომერი (კეტერი?) ფასის ძალაში შესვლის თარიღი ეგზემპლარის სახეობა საჯარო შენიშვნა
          ბათუმის შოთა რუსთაველის სახელმწიფო უნივერსიტეტის მთავარი ბიბლიოთეკა ბათუმის შოთა რუსთაველის სახელმწიფო უნივერსიტეტის მთავარი ბიბლიოთეკა წიგნსაცავი 2018-12-17 35.00 657(075.8) ბ-97 27597 2018-12-17 27597 2018-12-17 წიგნი 35.00 ₾.